=LDR 00000nam 2200000 4500 =001 INLIS000000000026588 =005 20130612125024 =008 ***********************************Ind** =035 ##$$0010-061300000026588 =041 ##$$a Ind =082 ##$$a 659.2 =090 ##$$a 659.2, cut e =100 ##$$a Cutlip, Scott M =245 ##$$a Effective pulic realtioncMerancang dan melaksanakan kegiatan kehumasan dengan suskes, Scott M Cutlip;Penyunting bahasa, Chandra Leva =260 ##$$a 2005 $b Jakarta =300 ##$$a xvi, 455 hlm, ilus, 27 cm =650 ##$$a Hubungan masyarakat =700 ##$$a Center, Allen H =850 ##$$a NBPNMAT =990 ##$$a 21603197/BPAP-NTB/2017 =990 ##$$a 21603197/BPAP-NTB/2017 =990 ##$$a 20705183 =990 ##$$a 00093732 =990 ##$$a 00093732 =990 ##$$a 00093732